000 00975nam a22002297a 4500
003 BPGM
008 260617e2009 mx ||||g |||| 001 0 spa d
040 _bspa
041 _aspa
_hspa
082 0 4 _2060.42
_aR43
245 _aREGLAMENTOS DEL INSTITUTO ELECTORAL DE QUERÈTARO
250 _aPRIMERA EDICIÒN
_b2009
260 _aMÈXICO
_bINSTITUTO ELECTORAL DE QUERÈTARO
_c2009
300 _a217 páginas
_c16.5 cm x 21 cm
336 _2rdacontent
_atexto
_btxt
337 _2rdamedia
_asin mediación
_bn
338 _2rdacarrier
_avolumen
_bnc
505 _a establece las normas internas de organización, funcionamiento y procedimientos para garantizar elecciones transparentes y legales en la entidad. Incluyen disposiciones sobre plebiscitos y referéndums, la estructura interna del instituto, la oficialía electoral y el acceso a la información pública.
650 _2GENERALIDADES
650 _2ORGANIZACIONE GENERALES Y MUSEOLOGÍA
942 _2ddc
_cCOLQ
999 _c68612
_d68612